[Event "Catalunya-chB"]
[Site "Spain"]
[Date "1996.11.17"]
[Round "7"]
[White "Ramirez Carrizo, Victor Jose"]
[Black "Pont Maria, Victor"]
[Result "1-0"]
[WhiteElo "2015"]
[BlackElo "2050"]
[PlyCount "97"]
[EventDate "1997.??.??"]
[EventType "swiss"]
[EventRounds "8"]
[EventCountry "ESP"]
[SourceTitle "EXT 2003"]
[Source "ChessBase"]
[SourceDate "2002.11.25"]
[SourceVersion "1"]
[SourceVersionDate "2002.11.25"]
[SourceQuality "1"]

1. e4 c6 2. d4 d5 3. Nc3 dxe4 4. Nxe4 Nd7 5. Bc4 Ngf6 6. Ng5 e6 7. Qe2 Nb6 8. Bb3 h6 9. N5f3 c5 10. Be3 Qc7 11. Ne5 Bd7 12. c3 Bd6 13. Ngf3 a6 14. Rc1 Ba4 15. Nxf7 Kxf7 16. dxc5 Bxc5 17. Bxc5 Bxb3 18. Bxb6 Qxb6 19. Ne5+ Ke8 20. axb3 Qxb3 21. 0-0 Rd8 22. Rfe1 h5 23. Nc4 Rd7 24. Qxe6+ Kd8 25. Qe2 Re8 26. Ne5 Kc8 27. Qc4+ Qxc4 28. Nxc4 Kc7 29. Rxe8 Nxe8 30. g3 Nf6 31. Re1 Ng4 32. Re6 Rf7 33. Ne5 Nxe5 34. Rxe5 g6 35. Re6 Rg7 36. Kg2 Kd7 37. Rf6 Ke7 38. Rb6 Kf8 39. Kh3 Kg8 40. Kh4 Kh7 41. Kg5 Rf7 42. Rf6 Rxf6 43. Kxf6 a5 44. Ke6 Kh6 45. f4 h4 46. g4 Kg7 47. f5 gxf5 48. gxf5 b5 49. Ke7 1-0